Ap Bitti Talash e haq / (Record no. 534099)

000 -LEADER
fixed length control field 00523nam a22001937a 4500
003 - CONTROL NUMBER IDENTIFIER
control field NUST
005 - DATE AND TIME OF LATEST TRANSACTION
control field 20200130161904.0
008 - FIXED-LENGTH DATA ELEMENTS--GENERAL INFORMATION
fixed length control field 200130b ||||| |||| 00| 0 eng d
038 ## - RECORD CONTENT LICENSOR
Staff Name MSOHAIL
082 ## - DEWEY DECIMAL CLASSIFICATION NUMBER
Classification number 923.254
Author Mark GAN
100 ## - MAIN ENTRY--PERSONAL NAME
Personal name gandhi, mahatma
9 (RLIN) 14749
245 ## - TITLE STATEMENT
Title Ap Bitti Talash e haq /
Statement of responsibility, etc. Mahatma gandhi
260 ## - PUBLICATION, DISTRIBUTION, ETC.
Place of publication, distribution, etc. Lahore :
Name of publisher, distributor, etc. Fiction house,
Date of publication, distribution, etc. 2010.
300 ## - PHYSICAL DESCRIPTION
Extent 639 p. ;
500 ## - GENERAL NOTE
General note Hardcover
880 ## - ALTERNATE GRAPHIC REPRESENTATION
Linkage 100-02\r
Title مہاتما گاندھی
880 ## - ALTERNATE GRAPHIC REPRESENTATION
Linkage 245-02\r
Title تلاشِ حق /
942 ## - ADDED ENTRY ELEMENTS (KOHA)
Source of classification or shelving scheme
Koha item type Book
Holdings
Withdrawn status Lost status Source of classification or shelving scheme Damaged status Not for loan Permanent Location Current Location Date acquired Total Checkouts Total Renewals Full call number Barcode Checked out Date last seen Date last checked out Price effective from Koha item type
          School of Civil and Environmental Engineering (SCEE) School of Civil and Environmental Engineering (SCEE) 01/30/2020 1 1 923.254 GAN NIT-9621 03/28/2024 06/09/2023 06/09/2023 01/30/2020 Book
© 2023 Central Library, National University of Sciences and Technology. All Rights Reserved.